| 000 | 00975nam a22002297a 4500 | ||
|---|---|---|---|
| 001 | 6323 | ||
| 003 | FISKH | ||
| 005 | 20250422094402.0 | ||
| 008 | 250422b cb ||||| |||| 00| 0 eng d | ||
| 020 | _a9780199127894 | ||
| 040 |
_aFISKH _beng _cFISKH _dFISKH |
||
| 050 | _aPZ7 | ||
| 100 | _aBourdais, Danièle | ||
| 245 |
_a Clic!. : _bRenewed Framework 1 Plus / _cBy Danièle Bourdais and Sue Finnie |
||
| 250 | _aRenewed frameworked | ||
| 260 |
_aOxford : _bOxford University Press , _c2010. |
||
| 300 |
_a154 pages : _billustrations ; _c29 cm . |
||
| 520 | _aClic! is the bestselling new KS3 French course now updated to match the Renewed Framework. Clic! has two NEW Access Student Books for reluctant learners, making this course the most differentiated course available. This PLUS En Solo Workbook offers extra practice and consolidation with write-in activities and audio material. | ||
| 700 |
_aFinnie, Sue _eIllustrator |
||
| 942 |
_2ddc _cBK _n0 |
||
| 999 |
_c6323 _d6323 |
||